| 000 | 00965cab a2200313 4500 | ||
|---|---|---|---|
| 001 | WB3107-11 | ||
| 008 | 090401t1995 xxu||||| |||| 00| 0 eng d | ||
| 035 | _a(Sirsi) u3207 | ||
| 041 | _aeng | ||
| 245 | _aIPD creates new database | ||
| 260 | _c1995 | ||
| 350 | _a0 | ||
| 490 |
_aProperty Week _v50(7) 16 February 1995, 8 |
||
| 490 |
_aFinancial Times _v17 February 1995, 28(1) |
||
| 520 | _aIPD, using data from 14 large occupiers of business space, has launched the Operational Property Databank to monitor property occupation costs. | ||
| 650 | _aBENCHMARKS | ||
| 650 | _aDATABASES | ||
| 650 |
_aFACILITIES MANAGEMENT _96240 |
||
| 650 | _aIPD | ||
| 650 | _aOCCUPANCY COSTS | ||
| 650 | _aOPERATIONAL PROPERTY DATABANK | ||
| 650 | _aPROPERTY DATABASES | ||
| 650 |
_aProperty management _96262 |
||
| 650 | _aPROPERTY PERFORMANCE | ||
| 650 | _aSERVICE CHARGES | ||
| 690 | _aCOMMERCIAL PROPERTY-MANAGEMENT | ||
| 942 | _n0 | ||
| 948 | _c04/03/1997 | ||
| 999 |
_c1958 _d1958 |
||